000 01333cam a2200337 a 4500
001 14855038
005 20170105102346.0
008 070518s2008 flua b 001 0 eng
010 _a 2007020768
015 _aGBA795183
_2bnb
016 7 _a014407706
_2Uk
020 _a9781420061314
020 _a1420061313
035 _a(OCoLC)ocn132681490
040 _aDLC
_cDLC
_dBTCTA
_dBAKER
_dUKM
_dC#P
_dYDXCP
_dDLC
050 0 0 _aTK7868.D5
_bK365 2008
082 0 0 _a621.381
_222
100 1 _aKarim, Mohammad A.
245 1 0 _aDigital design: basic concepts and principles
_bbasic concepts and principles
_cMohammad A. Karim, Xinghao Chen.
260 _aBoca Raton, FL :
_bCRC Press/Taylor & Francis,
_cc2008.
300 _axiii, 490p. :
_bill. ;
_c27 cm.
504 _aIncludes bibliographical references and index.
650 0 _aDigital electronics.
650 0 _aLogic design.
700 1 _aChen, Xinghao,
_d1957-
856 4 1 _3Table of contents only
_uhttp://www.loc.gov/catdir/toc/ecip0718/2007020768.html
856 4 2 _3Publisher description
_uhttp://www.loc.gov/catdir/enhancements/fy0727/2007020768-d.html
906 _a7
_bcbc
_corignew
_d1
_eecip
_f20
_gy-gencatlg
942 _2ddc
_cBK
999 _c11689
_d11689